| Tag |
First Indicator |
Second Indicator |
Subfields |
| LEADER |
00000uam a2200000 a 4500 |
| 001 |
in00004260310 |
| 005 |
20260128182302.6 |
| 006 |
m o d |
| 007 |
cr cn |
| 008 |
151114s2014 xx o eng |
| 020 |
|
|
|z 9781484202449
|
| 020 |
|
|
|z 9781484202456
|
| 035 |
|
|
|a (CaSebORM)9781484202449
|
| 040 |
|
|
|d UtOrBLW
|
| 041 |
0 |
|
|a eng
|
| 100 |
1 |
|
|a Collins, Mark,
|e author.
|0 http://id.loc.gov/authorities/names/n92103695
|
| 245 |
1 |
0 |
|a Pro Office 365 Development, Second Edition /
|c Collins, Mark.
|
| 250 |
|
|
|a 2nd edition.
|
| 264 |
|
1 |
|b Apress,
|c 2014.
|
| 300 |
|
|
|a 1 online resource (376 pages)
|
| 336 |
|
|
|a text
|b txt
|2 rdacontent
|
| 337 |
|
|
|a computer
|b c
|2 rdamedia
|
| 338 |
|
|
|a online resource
|b cr
|2 rdacarrier
|
| 347 |
|
|
|a text file
|
| 520 |
|
|
|a " Pro Office 365 Development , Second Edition , is a practical, hands-on guide to building applications for the cloud with Office 365. Combine Office 365 features out of the box with custom code to make the most of what this increasingly powerful and flexible platform has to offer. As an Office 365 developer, you have an amazing range of technologies at your fingertips. Build custom SharePoint apps in Visual Studio using HTML5, CSS, and jQuery. Create declarative workflow applications with Visio and SharePoint Designer. Use Access Web Database to publish your data on the web, or write Exchange and Lync applications. All these possibilities and more are covered. You also have unprecedented control and flexibility over how you use these technologies in your applications. With a powerful set of Office 365 APIs, you can now access and integrate Office 365 data directly into your web or native applications, with full control of authentication, authorization and discovery. No prior cloud experience is necessary. Sample projects are designed to bring the reader up-to-speed quickly, with full step-by-step instructions to maximize your success across the whole Office 365 suite. Whether you want to build desktop client applications or browser-only solutions, Pro Office 365 Development will show you how to do it. "
|
| 533 |
|
|
|a Electronic reproduction.
|b Boston, MA :
|c Safari,
|n Available via World Wide Web.
|d 2014.
|
| 538 |
|
|
|a Mode of access: World Wide Web.
|
| 542 |
|
|
|f Copyright © 2014 Mark J. Collins and Michael Mayberry
|g 2014
|
| 588 |
|
|
|a Online resource; Title from title page (viewed November 5, 2014)
|
| 500 |
|
|
|a Electronic resource.
|
| 655 |
|
7 |
|a Electronic books.
|2 local
|
| 700 |
1 |
|
|a Mayberry, Michael,
|e author.
|0 http://id.loc.gov/authorities/names/n2012037631
|
| 710 |
2 |
|
|a Safari, an O'Reilly Media Company.
|
| 856 |
4 |
0 |
|u https://proxy.library.tamu.edu/login?url=https://go.oreilly.com/TAMU/library/view/-/9781484202449/?ar
|z Connect to this electronic resource
|t 0
|
| 999 |
f |
f |
|s 4d8b4976-b49d-3243-8843-412f58db4b31
|i a206f240-525f-39e5-9d77-1748c75c2e82
|t 0
|
| 952 |
f |
f |
|a Texas A&M University
|b College Station
|c Electronic Resources
|s www_evans
|d Available Online
|t 0
|h No information provided
|
| 998 |
f |
f |
|t 0
|l Available Online
|